000 00896cam a2200289 4500
001 6799
003 BD-RjUL
005 20211208234321.0
008 120114s1971 nyu b 001 0 eng
020 _a0471702404
035 _a(BD-RjUL)6841
040 _aDLC
_cDLC
_dDLC
_dBD-RjUL
_beng
041 _aeng
082 0 0 _a519.53
_219
_bPUN 1971
100 1 _aPuri, Madan Lal.
_921373
245 1 0 _aNonparametric methods in multivariate analysis /
_cMadan Lal Puri [and] Pranab Kumar Sen.
260 _aNew York :
_bWiley ;
_cc1971.
300 _axi, 440 p. ;
_c23 cm.
490 0 _aA Wiley publication in mathematical statistics
504 _aBibliography: p. 415-432.
650 0 _aMultivariate analysis.
_924
650 0 _aNonparametric statistics.
_921374
700 1 _aSen, Pranab Kumar,
_d1937-
_ejoint author.
_921375
942 _2ddc
_cBK
999 _c6799
_d6799